Statistics for Questions of Europe

Click here to take the quiz!

General Stats

  • This quiz has been taken 21 times
  • The average score is 8 of 13

Answer Stats

QuestionAnswer% Correct
What is the smallest country in Europe?Vatican City
100%
What is the group of countries with crosses on their flags called?Nordic
94%
What is the river in Europe called?Danube
89%
What is the biggest country in Europe? (Excluding Russia)Ukraine
83%
What are the 2 nations in Europe that really wants independence?Catalonia, Scotland
67%
How many countries are there in Europe?47
61%
What is the oldest flag in Europe?Denmark
56%
What is the oldest modern country in Europe?Greece
56%
What are the 3 countries that border each other that all speak German?Germany, Switzerland, and Austria
50%
What is the mountain Range in Europe called?Andes
44%
What country has the most islands in Europe?Sweden
39%
How many tourists does France have yearly?~90,000,000
33%
What country consumes the most milk in Europe?Finland
17%

Score Distribution

Percentile by Number Answered

Percent of People with Each Score

Your Score History

You have not taken this quiz